000 00573nam a2200217Ia 4500
005 20260429112309.0
008 260429s9999||||xx |||||||||||||| ||und||
020 _a9789357515467
041 _aEnglish
082 _a551.46
_bMUL
100 _aMullen, Bill
245 0 _aMarine geology and geophysics /
_cBill Mullen
260 _aNew Delhi :
_bRandom Publications,
_c2024.
300 _axi, 288 p.; hb
650 _a Earth sciences
650 _a Geophysics
650 _a Oceanography
650 _a Seafloor studies
650 _aMarine geology
942 _cTB
999 _c53363
_d53363